01455cam a22002775a 45000010009000000050017000090080041000260200036000670400033001030820020001361000032001562450081001882500012002692600079002813000041003604900029004015000024004305040041004545050367004956500051008626500062009136530036009759420008010119990017010199520141010361776642120160124155331.0130606s2014 enka frb 001 0 eng d a9780415706476 (hb : alk. paper) aDLCbengcDLCdDLCdEG-ScBUE04a658.26222bTHO1 aThorpe, Dave,d1954-93916610aEnergy management in industry :bthe Earthscan expert guide /cDavid Thorpe. a1st ed. aOxon ;aNew York :bEarthscan / Routledge / Taylor & Francis Group,c2014. axii, 198 p. :bill. (col.) ;c26 cm.0 aEarthscan expert series. aIndex : p. 195-198. aIncludes bibliographical references.0 aMeasuring energy consumption -- Metering -- Airtightness and insulation -- Lighting, daylighting and controls -- Heating and cooling -- Heating, ventilation and air conditioning systems -- Energy reduction technologies -- Motors, drives and compressed air -- Refrigeration -- Process controls -- Data centres -- Minimising water use -- Making the financial case. 7aIndustriesxEnergy conservation.2BUEsh939167 7aIndustriesxEnergy consumptionxManagement.2BUEsh939168 bENGGENcAugust2015cJanuary2016 2ddc c20457d20429 00102ddc40708BaccahaMAINbMAINc1STd2015-08-04ePurchaseg560.00h21761l0o658.26 THOp000038995r2025-07-15 00:00:00v700.00yBB